000 00950nmm a2200289 a 4500
001 ocm0002015920
003 TR-IsHL
005 20201028181218.0
008 181229s2016 tu tur
007 cr cn
020 _a9786059241328
035 _a2015920
_b(N$T)
050 0 4 _aPL248.U28
_bU94 2016
090 0 4 _aPL248.U28
_bU94 2016
100 1 _aUçuk, Cahit
245 1 0 _aUzaydaki mavi bilye 4: uçan su
_h[electronic resource] /
_cCahit Uçuk ; yayına hazırlayan Emine Sevim
250 _a2. Basım
260 _aİstanbul :
_bBilge Kültür Sanat,
_c2016
300 _a96 p.
650 4 _aDil ve Edebiyat
650 4 _aLanguage and Literature
650 0 _aÇocuk öyküleri, Türk
650 0 _aChildren's storys, Turkish
650 7 _aLITERARY COLLECTIONS / Middle Eastern
_2bisacsh
700 1 _aSevim, Emine
856 4 0 _uhttp://search.ebscohost.com/login.aspx?direct=true&scope=site&db=e011xww&AN=2015920
999 _c19497
_d19497